Eastern Utah Libraries Catalog: Duchesne, Heber, Roosevelt, & Vernal

We need to talk about divorce : (Record no. 413065)

MARC details
000 -LEADER
fixed length control field 02051nam a2200421 i 4500
001 - CONTROL NUMBER
control field 1464681145
005 - DATE AND TIME OF LATEST TRANSACTION
control field 20251030131304.0
007 - PHYSICAL DESCRIPTION FIXED FIELD--GENERAL INFORMATION
fixed length control field t|
008 - FIXED-LENGTH DATA ELEMENTS--GENERAL INFORMATION
fixed length control field 250318s2025 nyua j 001 0 eng d
020 ## - INTERNATIONAL STANDARD BOOK NUMBER
International Standard Book Number 9781684494484
Qualifying information paperback
020 ## - INTERNATIONAL STANDARD BOOK NUMBER
International Standard Book Number 1684494486
Qualifying information paperback
035 ## - SYSTEM CONTROL NUMBER
System control number (OCoLC)1464681145
040 ## - CATALOGING SOURCE
Original cataloging agency TnLvILS
Language of cataloging eng
Description conventions rda
Transcribing agency TnLvILS
Modifying agency TnLvILS
092 ## - LOCALLY ASSIGNED DEWEY CALL NUMBER (OCLC)
Classification number junior nonfiction
Item number J 306.89 Scharff
100 1# - MAIN ENTRY--PERSONAL NAME
Personal name Scharff, Kate,
Relator term author.
Relator code aut.
9 (RLIN) 6554670
245 10 - TITLE STATEMENT
Title We need to talk about divorce :
Remainder of title an important book about separation, stepfamilies, and feeling heard /
Statement of responsibility, etc Kate Scharff, Annika Le Large.
246 30 - VARYING FORM OF TITLE
Title proper/short title An important book about separation, stepfamilies, and feeling heard.
264 #1 - Production, Publication, Distribution, Manufacture, and Copyright Notice.
Place of production, publication, distribution, manufacture New York, New York :
Name of producer, publisher, distributor, manufacturer Neon Squid,
Date of production, publication, distribution, manufacture, or copyr 2025.
300 ## - PHYSICAL DESCRIPTION
Extent 64 pages :
Other physical details color illustrations ;
Dimensions 22 cm.
336 ## - Content Type
Content type term text
336 ## - Content Type
Content type term still image
337 ## - Media type
Media type term unmediated
338 ## - Carrier type
Carrier type term volume
500 ## - GENERAL NOTE
General note Includes index.
520 ## - SUMMARY, ETC.
Summary, etc A kid-centric guide for the children of parents going through a separation or divorce, written by internationally renowned divorce therapist Kate Scharff, MSW. Children of separating or divorcing parents often feel alone and alienated, as though no one understands what they're going through. They need reassurance that their feelings are normal, and age-appropriate answers to their many questions. But divorce is confusing and overwhelming-thinking and talking about it are hard, for kids and grown-ups alike.
521 1# - TARGET AUDIENCE NOTE
Target audience note 10-14.
521 2# - TARGET AUDIENCE NOTE
Target audience note 5-9.
650 #0 - SUBJECT ADDED ENTRY--TOPICAL TERM
Topical term or geographic name as entry element Children of divorced parents
Form subdivision Juvenile literature.
9 (RLIN) 5706440
650 #0 - SUBJECT ADDED ENTRY--TOPICAL TERM
Topical term or geographic name as entry element Divorce
Form subdivision Juvenile literature.
9 (RLIN) 5770159
650 #0 - SUBJECT ADDED ENTRY--TOPICAL TERM
Topical term or geographic name as entry element Families
Form subdivision Juvenile literature.
9 (RLIN) 5706460
650 #1 - SUBJECT ADDED ENTRY--TOPICAL TERM
Topical term or geographic name as entry element Children of divorced parents.
650 #1 - SUBJECT ADDED ENTRY--TOPICAL TERM
Topical term or geographic name as entry element Divorce.
650 #1 - SUBJECT ADDED ENTRY--TOPICAL TERM
Topical term or geographic name as entry element Family life.
655 #7 - INDEX TERM--GENRE/FORM
Genre/form data or focus term Self-help publications.
Source of term lcgft.
9 (RLIN) 5768964
655 #7 - INDEX TERM--GENRE/FORM
Genre/form data or focus term Informational works.
Source of term lcgft.
9 (RLIN) 5784582
700 1# - ADDED ENTRY--PERSONAL NAME
Personal name Large, Annika Le,
Relator term illustrator.
9 (RLIN) 6554671
942 ## - ADDED ENTRY ELEMENTS (KOHA)
Source of classification or shelving scheme Dewey Decimal Classification
Koha item type BOOK
Holdings
Withdrawn status Lost status Source of classification or shelving scheme Damaged status Not for loan Collection code Home library Current library Shelving location Date acquired Source of acquisition Total Checkouts Total Renewals Full call number Barcode Checked out Date last seen Date checked out Cost, replacement price Price effective from Koha item type
    Dewey Decimal Classification     Junior NonFiction Wasatch County Library Wasatch County Library Second Floor 10/30/2025 Ingram 2 3 J 306.89 Scharff 34301002171272 04/15/2026 02/17/2026 02/17/2026 14.99 10/30/2025 BOOK
This project was made possible through a grant from the Institute of Museum and Library Service administered by the Utah State Library Division.

Wasatch County Library

  • 465 East 1200 South, Heber City, Utah 84032
  • Phone 435-654-1511 | Fax 435-654-6456

Hours

  • Monday - Friday 9:30 AM - 8:00 PM
  • Saturday 9:30 AM - 1:30 PM
  • Closed Sundays and Holidays